The Social Epistemology of Experimental Economics (E-BOOK) (Record no. 192881)

000 -LEADER
fixed length control field 02069 a2200313 4500
003 - CONTROL NUMBER IDENTIFIER
control field Nust
005 - DATE AND TIME OF LATEST TRANSACTION
control field 20170207154046.0
020 ## - INTERNATIONAL STANDARD BOOK NUMBER
International Standard Book Number 978-0-203-87433-2
020 ## - INTERNATIONAL STANDARD BOOK NUMBER
International Standard Book Number 978-0-203-87433-2
035 ## - SYSTEM CONTROL NUMBER
System control number (AU-PeEL)EBL446923
035 ## - SYSTEM CONTROL NUMBER
System control number (OCoLC)449187378
040 ## - CATALOGING SOURCE
Transcribing agency Nust
082 00 - DEWEY DECIMAL CLASSIFICATION NUMBER
Classification number 330.0724
100 1# - MAIN ENTRY--PERSONAL NAME
Personal name dos Santos, Ana Cordeiro.
245 14 - TITLE STATEMENT
Title The Social Epistemology of Experimental Economics (E-BOOK)
Medium [Elektronisk resurs].
260 ## - PUBLICATION, DISTRIBUTION, ETC.
Place of publication, distribution, etc. Hoboken :
Name of publisher, distributor, etc. Taylor & Francis,
Date of publication, distribution, etc. 2009.
300 ## - PHYSICAL DESCRIPTION
Extent 1 online resource (223 p.)
490 1# - SERIES STATEMENT
Series statement Routledge Advances in Experimental and Computable Economics
500 ## - GENERAL NOTE
General note Description based upon print version of record.
505 0# - FORMATTED CONTENTS NOTE
Formatted contents note 10 Human agency (or lack thereof) in economics experiments11 Behavioural experiments: How economists learn about human behaviour; 12 Preference reversals and critical practice in economics; 13 Conclusion: What about the social epistemology of experiment?; Notes; Bibliography; Index;
505 0# - FORMATTED CONTENTS NOTE
Formatted contents note Book Cover; Title; Copyright; Contents; Illustrations; Acknowledgments; 1 Introduction: epistemology, experiments and economics; Part I The social epistemology of experiment; 2 Creating phenomena in the lab; 3 Creating microeconomic phenomena; 4 Intervening in the 'material world'; 5 Intervening in the 'social world'; 6 The social epistemology of experiment; Part II The social epistemology of experimental economics; 7 The foundation of experimental economics; 8 Early methodological debate in experimental economics; 9 Economics experiments and the real world
520 ## - SUMMARY, ETC.
Summary, etc. This book develops a framework for the analysis of scientific experimentation and applies it to the experimental field of economics looking at the epistemic role of the participation of human subjects in economics experiments.
650 #4 - SUBJECT ADDED ENTRY--TOPICAL TERM
Topical term or geographic name entry element Economics -- Research.
650 #4 - SUBJECT ADDED ENTRY--TOPICAL TERM
Topical term or geographic name entry element Economics.
650 #4 - SUBJECT ADDED ENTRY--TOPICAL TERM
Topical term or geographic name entry element Experimental economics.
651 ## - SUBJECT ADDED ENTRY--GEOGRAPHIC NAME
Geographic name The Social Epistemology of Experimental Economics (E-BOOK)
655 #0 - INDEX TERM--GENRE/FORM
Genre/form data or focus term Electronic books.
830 #0 - SERIES ADDED ENTRY--UNIFORM TITLE
Uniform title Routledge Advances in Experimental and Computable Economics
942 ## - ADDED ENTRY ELEMENTS (KOHA)
Source of classification or shelving scheme
Koha item type Book
Holdings
Withdrawn status Lost status Source of classification or shelving scheme Damaged status Not for loan Collection code Permanent Location Current Location Date acquired Total Checkouts Full call number Barcode Date last seen Price effective from Koha item type
            Military College of Signals (MCS) Military College of Signals (MCS) 12/12/2016   330.0724 COR MCSEB-2382 12/08/2016 12/12/2016 Book
© 2023 Central Library, National University of Sciences and Technology. All Rights Reserved.